00534nam a2200145Ia 4500003000200000005001700002008004100019050002700060100001900087245009300106260009000199300003900289504004100328650001900369020250122145440.0150126s9999 xx 000 0 und d aPHS TX 360b.H233 2014 aHan, Woong Lee aDeterminants of eating habits between male and female grade 11 students /cHan Woong Lee aLas Piñas City, Philippines :bSouthville International School and Colleges,c2014. a33 pages :billustration ;c28 cm. aIncludes bibliographical references. aEating Habits.